000 00969nam a2200265Ia 4500
003 OSt
005 20221005105452.0
006 a|||||r|||| 00| 0
007 ta
008 221004b |||||||| |||| 00| 0 hin d
020 _a8126310839 (hbk)
_c150
024 _a100651
037 _b465, 12/02/2010, Eastern Book Linkers
_cTextual
040 _aCRL
_cCRL
_bhin
041 _2hin
_ahin
082 _aO15,1A2, 152P5
100 _aबसु, बुद्धदेव
245 0 _aमहाभारत की कथा
246 _aMahābhārat kī kathā
260 _aनई दिल्ली
_bभारतीय ज्ञानपीठ भारत
_c2005
300 _a208पृ0
_ccm.
700 _a बच्चन सिंह, अनु.
942 _hO15,1A2, 152P5
_cTEXL
_2cc
999 _c1015922
_d1015922